<?xml version="1.0" encoding="UTF-8"?>
<collection xmlns="http://www.loc.gov/MARC21/slim">
 <record>
  <leader>05649nam a2200397 a 4500</leader>
  <controlfield tag="001">kal4135</controlfield>
  <controlfield tag="003">Gr-AtHEAL</controlfield>
  <controlfield tag="005">20160422130906.0</controlfield>
  <controlfield tag="006">m        d        </controlfield>
  <controlfield tag="008">160413s2015    gr      s           gre|c</controlfield>
  <datafield tag="020" ind1=" " ind2=" ">
   <subfield code="a">9789606034855</subfield>
  </datafield>
  <datafield tag="040" ind1=" " ind2=" ">
   <subfield code="a">GR-AtHEAL</subfield>
   <subfield code="b">gre</subfield>
   <subfield code="c">GR-AtHEAL</subfield>
  </datafield>
  <datafield tag="082" ind1="0" ind2="4">
   <subfield code="a">574</subfield>
   <subfield code="2">23</subfield>
  </datafield>
  <datafield tag="100" ind1="1" ind2=" ">
   <subfield code="a">Γιαννακούρης, Νικόλαος.</subfield>
   <subfield code="8">866</subfield>
  </datafield>
  <datafield tag="245" ind1="1" ind2="0">
   <subfield code="a">Οδηγός εργαστηριακών και φροντιστηριακών ασκήσεων βιολογίας</subfield>
   <subfield code="h">[Ηλεκτρονικός πόρος] </subfield>
   <subfield code="c">Γιαννακούρης, Νικόλαος ; Νικολιουδάκης, Νικόλαος ; Κοκκορογιάννης, Θεόδωρος ; Κριτικός αναγνώστης,Παπανικολάου, Γεώργιος ; Γραφιστική επιμέλεια,Μανέτα, Μυρσίνη.</subfield>
  </datafield>
  <datafield tag="260" ind1=" " ind2=" ">
   <subfield code="a">Αθήνα :</subfield>
   <subfield code="b">Σύνδεσμος Ελληνικών Ακαδημαϊκών Βιβλιοθηκών,</subfield>
   <subfield code="c">c2015.</subfield>
  </datafield>
  <datafield tag="490" ind1=" " ind2=" ">
   <subfield code="a">Ακαδημαϊκά Ηλεκτρονικά Συγγράμματα και Βοηθήματα Κάλλιπος</subfield>
   <subfield code="8">40</subfield>
  </datafield>
  <datafield tag="520" ind1=" " ind2=" ">
   <subfield code="a">Το παρόν ηλεκτρονικό σύγγραμμα αφορά έναν αναλυτικό οδηγό εργαστηριακών ασκήσεων Βιολογίας και απευθύνεται σε φοιτητές και σπουδαστές που θέλουν να αποκτήσουν τις βασικές εργαστηριακές γνώσεις σε θέματα Κυτταρικής Βιολογίας, Μοριακής Βιολογίας και Γενετικής. Ο οδηγός περιλαμβάνει έντεκα εργαστηριακές ασκήσεις σε θέματα και τεχνικές Κυτταρικής και Μοριακής Βιολογίας και δύο φροντιστηριακές ασκήσεις σε θέματα Γενετικής. Ειδικότερα, στις ασκήσεις παρουσιάζονται η χρήση του μικροσκοπίου και οι βασικές αρχές της μικροσκοπίας, τα χαρακτηριστικά και οι διαφορές του προκαρυωτικού και του ευκαρυωτικού ζωικού και φυτικού κυττάρου, το φαινόμενο της πλασμόλυσης, ο τρόπος διαχωρισμού των δομικών συστατικών του κυττάρου και η μορφολογία των υποκυτταρικών οργανιδίων, η βιοχημική διεργασία της φωτοσύνθεσης και η μέθοδος της χρωματογραφίας για τον διαχωρισμό των φωτοσυνθετικών χρωστικών, ο κύκλος ζωής των μικροοργανισμών και η επίδραση διαφόρων παραγόντων σ’ αυτόν, οι μηχανισμοί πυρηνικής διαίρεσης και η μορφολογία των χρωμοσωμάτων, τα φαινόμενα της κυτταρικής διαφοροποίησης και εμβρυογένεσης και τέλος, η μεθοδολογία και οι τεχνικές απομόνωσης γενετικού υλικού και ηλεκτροφόρησης για τον διαχωρισμό του DNA και των πρωτεϊνών. Στις φροντιστηριακές ασκήσεις αναλύονται τα φαινόμενα της κληρονομικότητας και οι νόμοι που τα διέπουν. Όλες οι ασκήσεις έχουν εμπλουτιστεί με πρωτότυπο ψηφιακό υλικό (εικόνες, κινούμενα σχέδια και video) προκειμένου ο οδηγός να ανταποκρίνεται στις απαιτήσεις ενός σύγχρονου διαδραστικού ηλεκτρονικού συγγράμματος.</subfield>
  </datafield>
  <datafield tag="650" ind1=" " ind2="0">
   <subfield code="a">Biology</subfield>
   <subfield code="x">Laboratory manuals</subfield>
   <subfield code="8">2326</subfield>
  </datafield>
  <datafield tag="653" ind1=" " ind2=" ">
   <subfield code="a">Εργαστηριακός οδηγός</subfield>
  </datafield>
  <datafield tag="653" ind1=" " ind2=" ">
   <subfield code="a">Γενετική</subfield>
  </datafield>
  <datafield tag="653" ind1=" " ind2=" ">
   <subfield code="a">Μοριακή βιολογία</subfield>
  </datafield>
  <datafield tag="653" ind1=" " ind2=" ">
   <subfield code="a">Κυτταρική βιολογία</subfield>
  </datafield>
  <datafield tag="653" ind1=" " ind2=" ">
   <subfield code="a">Επιστήμες της ζωής</subfield>
   <subfield code="a">Μοριακές βιοεπιστημες</subfield>
   <subfield code="a">Βιολογία κυττάρου/κυτταρική βιολογία</subfield>
   <subfield code="a">Φυσιολογία κυττάρου</subfield>
  </datafield>
  <datafield tag="653" ind1=" " ind2=" ">
   <subfield code="a">Επιστήμες της ζωής</subfield>
   <subfield code="a">Μοριακές βιοεπιστημες</subfield>
   <subfield code="a">Γενετική</subfield>
  </datafield>
  <datafield tag="653" ind1=" " ind2=" ">
   <subfield code="a">Επιστήμες της ζωής</subfield>
   <subfield code="a">Μοριακές βιοεπιστημες</subfield>
   <subfield code="a">Μοριακή βιολογία</subfield>
  </datafield>
  <datafield tag="653" ind1=" " ind2=" ">
   <subfield code="a">Επιστήμες της ζωής</subfield>
   <subfield code="a">Φυσική ανθρωπολογία</subfield>
   <subfield code="a">Γενετική του ανθρώπου</subfield>
  </datafield>
  <datafield tag="653" ind1=" " ind2=" ">
   <subfield code="a">Επιστήμες της ζωής</subfield>
   <subfield code="a">Μοριακές βιοεπιστημες</subfield>
   <subfield code="a">Βιολογία κυττάρου/κυτταρική βιολογία</subfield>
  </datafield>
  <datafield tag="700" ind1="1" ind2=" ">
   <subfield code="a">Νικολιουδάκης, Νικόλαος</subfield>
   <subfield code="e">Συγγραφέας</subfield>
   <subfield code="8">867</subfield>
  </datafield>
  <datafield tag="700" ind1="1" ind2=" ">
   <subfield code="a">Κοκκορογιάννης, Θεόδωρος</subfield>
   <subfield code="e">Συγγραφέας</subfield>
   <subfield code="8">870</subfield>
  </datafield>
  <datafield tag="700" ind1="1" ind2=" ">
   <subfield code="a">Παπανικολάου, Γεώργιος</subfield>
   <subfield code="e">Κριτικός αναγνώστης</subfield>
   <subfield code="8">869</subfield>
  </datafield>
  <datafield tag="856" ind1="4" ind2="0">
   <subfield code="u">http://hdl.handle.net/11419/4135</subfield>
   <subfield code="z">Πλήρες Κείμενο - Full text</subfield>
  </datafield>
  <datafield tag="907" ind1=" " ind2=" ">
   <subfield code="a">.b25680390</subfield>
   <subfield code="b">12-06-18</subfield>
   <subfield code="c">29-07-16</subfield>
  </datafield>
  <datafield tag="949" ind1=" " ind2=" ">
   <subfield code="0">0</subfield>
   <subfield code="1">0</subfield>
   <subfield code="2">ddc</subfield>
   <subfield code="4">0</subfield>
   <subfield code="6">574_000000000000000_ΓΙΑ</subfield>
   <subfield code="7">0</subfield>
   <subfield code="8">KALL</subfield>
   <subfield code="8">798</subfield>
   <subfield code="d">2016-04-13</subfield>
   <subfield code="r">2016-04-13</subfield>
   <subfield code="w">2016-04-13</subfield>
   <subfield code="z">574 ΓΙΑ</subfield>
   <subfield code="o">SEAB KALLIPOS</subfield>
  </datafield>
  <datafield tag="998" ind1=" " ind2=" ">
   <subfield code="a">80</subfield>
   <subfield code="a">01</subfield>
   <subfield code="a">02</subfield>
   <subfield code="a">03</subfield>
   <subfield code="a">04</subfield>
   <subfield code="a">05</subfield>
   <subfield code="a">06</subfield>
   <subfield code="a">07</subfield>
   <subfield code="a">08</subfield>
   <subfield code="a">09</subfield>
   <subfield code="a">10</subfield>
   <subfield code="a">11</subfield>
   <subfield code="a">12</subfield>
   <subfield code="a">13</subfield>
   <subfield code="a">14</subfield>
   <subfield code="a">15</subfield>
   <subfield code="a">16</subfield>
   <subfield code="a">17</subfield>
   <subfield code="a">18</subfield>
   <subfield code="a">19</subfield>
   <subfield code="a">20</subfield>
   <subfield code="a">21</subfield>
   <subfield code="a">22</subfield>
   <subfield code="a">23</subfield>
   <subfield code="a">24</subfield>
   <subfield code="a">25</subfield>
   <subfield code="a">26</subfield>
   <subfield code="b">16-05-17</subfield>
   <subfield code="c">m</subfield>
   <subfield code="d">z  </subfield>
   <subfield code="e">-</subfield>
   <subfield code="f">gre</subfield>
   <subfield code="g">gr </subfield>
   <subfield code="h">0</subfield>
  </datafield>
  <datafield tag="942" ind1=" " ind2=" ">
   <subfield code="2">ddc</subfield>
   <subfield code="c">KALLIPOS</subfield>
  </datafield>
 </record>
</collection>
